[Event "Leon 18th"]
[Site "Leon"]
[Date "2005.06.11"]
[Round "1.3"]
[White "Anand, Viswanathan"]
[Black "Carlsen, Magnus"]
[Result "1-0"]
[WhiteElo "2785"]
[BlackElo "2548"]
[Annotator "Mellado,E"]
[PlyCount "141"]
[EventDate "2005.06.10"]
[EventType "k.o. (rapid)"]
[EventRounds "2"]
[EventCountry "ESP"]
[SourceTitle "CBM 108"]
[Source "ChessBase"]
[SourceDate "2005.09.26"]
[SourceVersion "1"]
[SourceVersionDate "2005.09.26"]
[SourceQuality "1"]

1. e4 e5 2. Nf3 Nf6 3. Nxe5 d6 4. Nf3 Nxe4 5. d4 {Anand cambia ahora a la
variante principal, en lugar de 5.Nc3 que le sirvió para ganar la primera
partida.} d5 6. Bd3 Bd6 7. O-O O-O 8. Re1 (8. c4 c6 {es lo que se juega con
más frecuencia}) 8... Re8 9. Nc3 {Una jugada muy poco frecuente, Nos
encontramos en territorio prácticamente virgen} Nxc3 10. bxc3 Rxe1+ 11. Qxe1 h6
{Novedad, una jugada muy lógica que controla g5, donde podrían acceder dos
piezas menores blancas.} 12. c4 dxc4 13. Bxc4 Nc6 14. Bb2 Bg4 $6 ({la
alternativa es} 14... Bf5 {y a la interesante} 15. Qc3 $5 Qf6 16. Ne5 Bxe5 17.
dxe5 Qg6 {y a pesar de la pareja de alfiles de las blancas , las negras
parecen tener una posición defendible.}) 15. Qe4 {#} Bxf3 (15... Qd7 16. Bd3 f5
17. Qd5+ Qf7 18. Qb5 Qg6 19. Ne5 Bxe5 20. dxe5 {con ventaja blanca}) 16. Qxf3
Qe7 17. g3 {como en la partida anterior: Anand coloca la cadena de peones en
casillas del color del alfil de su rival.} Re8 (17... Nd8 18. a4) 18. Bc3 Nd8
19. a4 Qe4 20. Qxe4 Rxe4 21. a5 {Anand ha obtenido otra vez con asombrosa
sencillez una posición claramente ventajosa.} Re8 (21... Bb4 $5 22. Bb2 {
no cambia mucho las cosas} ({pero no} 22. Bxb4 Rxd4 23. Be7 (23. Bxf7+ Kxf7)
23... Nc6 {recuperando la pieza con igualdad})) 22. Kg2 Ne6 23. h4 {Anand,
juga ndo con su habitual rapidez, está dando una clase acerca de como tratar
este tipo de posiciones. Anand 17:12 Carlsen: 6:23} Kf8 24. Bb2 b6 25. h5 Rb8
$6 ({mejor es intentar el recurso} 25... b5 26. Bd3 c5) 26. axb6 axb6 ({
se podía intentar} 26... Rxb6 27. Bc3 (27. Ra2) 27... Bb4 28. Bxb4+ Rxb4 29.
Bxe6 fxe6 30. Rxa7 Rc4 {con un final de torres que tal vez sea defendible}) 27.
Bb5 Rd8 (27... c5 $5 28. d5 Nd4) 28. Bc6 Be7 29. c3 {Anand 15:08 Carlsen: 2:44}
b5 30. Ra7 $1 (30. d5 Nc5 31. Ba3 Na4 32. c4 Nc3 33. cxb5 Bxa3 34. Rxa3 Nxd5
35. Ra7 {también parece fuerte pero la jugada de la partida es mejor y más
sencilla.}) 30... Rb8 31. d5 {#} Bc5 32. Ra5 Nd8 33. Bd7 $1 Bd6 34. Bxb5 ({
esperabamos} 34. Rxb5 {la jugada de la partida permite al negro soñar con
salvarse gracias a los alfiles de distinto color}) {después de} 34... c6 $1 {#}
35. dxc6 Nxc6 36. Bxc6 Rxb2 37. Bd5 Rd2 38. c4 Be5 39. Ra8+ Ke7 40. Ra7+ Kd6
41. Rxf7 Bd4 42. Rf5 Rc2 43. g4 Bc5 44. Bf7 Rd2 45. Kg3 Rd3+ 46. f3 Rd2 {
Anand 9:27 Carlsen: 00:24 Carlsen se defiende ya con pocos segundos para cada
jugada} 47. Rd5+ {Anand entra en el final de alfiles de distinto color,
valorando sin duda que debe estar ganado.} Rxd5 48. Bxd5 Ke5 49. f4+ Kf6 50.
Kf3 Bd6 51. Ke4 Bc5 52. Bg8 Bd6 53. Bh7 Ke6 54. g5 Ke7 55. Bg8 {# Quitándole
casillas al rey negro. Y asegurando un camino para penetrar con el propio.} Kf8
56. Be6 Ke7 57. Bg4 Kf7 58. gxh6 gxh6 59. f5 Kf6 60. Kd5 Bg3 61. c5 Ke7 62. c6
Bh2 63. Bf3 Bg3 64. Kc5 Bc7 65. Kb5 Kd8 66. Ka6 Kc8 67. f6 Bd6 68. Kb6 Bc7+ 69.
Kc5 Be5 70. f7 Bg7 71. Kd6 {Y las negras abandonan Anand se enfrentará a
Kasimdzahanov en la gran final de mañana.} 1-0

[Event "Leon 18th"]
[Site "Leon"]
[Date "2005.06.11"]
[Round "1.4"]
[White "Carlsen, Magnus"]
[Black "Anand, Viswanathan"]
[Result "1/2-1/2"]
[WhiteElo "2548"]
[BlackElo "2785"]
[Annotator "Mellado,E"]
[PlyCount "78"]
[EventDate "2005.06.10"]
[EventType "k.o. (rapid)"]
[EventRounds "2"]
[EventCountry "ESP"]
[SourceTitle "CBM 108"]
[Source "ChessBase"]
[SourceDate "2005.09.26"]
[SourceVersion "1"]
[SourceVersionDate "2005.09.26"]
[SourceQuality "1"]

1. e4 c5 2. Nf3 Nc6 3. d4 cxd4 4. Nxd4 e6 5. Nc3 a6 ({Anand suele jugar en
esta posición} 5... Qc7 {como veremos la diferencia entre esta jugada y la de
la partida es importante si se quiere evitar que las blancas jueguen
posiciones del ataque inglés} 6. Be3 a6 7. Qd2 Nf6 8. O-O-O Bb4 {es una de las
posiciones más discutidas en la actualidad.}) 6. Be3 (6. Nxc6 bxc6 7. Bd3 {
es la variente principal contra este orden}) 6... Nf6 7. Qd2 $6 {un orden
dudoso Anand impedirá ahora llegar a las posiciones del ataque inglés} Bb4 $1
8. f3 d5 $1 {#} 9. a3 Qa5 $1 10. Nb3 Bxc3 11. bxc3 Qc7 12. Bf4 ({resulta
interesante la siguiente partida en la que las blancas, a pesar de perder,
obtuvieron buenas posibilidades de ataque.} 12. Bd3 dxe4 13. fxe4 O-O 14. O-O
b6 15. Rxf6 gxf6 16. Bh6 Ne5 17. Bxf8 Kxf8 18. Qh6+ Ke7 19. Rf1 Ng6 20. h4 Qe5
21. Nd4 Bb7 22. h5 Nf8 23. Rb1 Nd7 24. Nf3 Qxc3 25. Qxh7 f5 26. exf5 Rh8 27.
Rb3 Qc5+ {0-1 Panarin,M-Rublevsky,S/chessassistantclub.com INT 2004}) 12... e5
13. exd5 exf4 14. dxc6 O-O {Carlsen 14:31 Anand 20:54} 15. O-O-O Qxc6 16. c4
Be6 17. Qxf4 Rac8 $6 (17... Rfd8 {impidiendo la siguiente maniobra del blanco
era más fuerte}) 18. Qd6 $1 {Magnus aprovecha la ocasión para cambiar damas en
una posición en la que su principal debilidad es el rey.} Qa4 19. Qb4 $1 Qxb4
20. axb4 Bxc4 21. Nc5 Bxf1 22. Rhxf1 a5 23. Nxb7 axb4 24. Kb2 Rc7 25. Nd6 {
Ahora este final parece un poquito mejor para el blanco debido a la debilidad
del peón de b4.} g6 26. Rd4 Rb8 27. Rfd1 Rb6 28. R1d2 h5 29. Rf4 $1 Nh7 30. Re4
(30. Nc4 Rb8 31. Ne5 {ofrece, según Fritz, mejores perspectivas al blanco.})
30... Nf8 31. Nc4 Rb8 32. Ne3 Ne6 33. Rc4 Rcb7 34. Rd3 Kg7 35. Nd5 Rb5 36. Nc7
Nxc7 37. Rxc7 Re8 38. Rd2 (38. Rdd7 Rf5 39. Re7 Rd8 40. Rcd7 Rb8 41. Rb7 Rd8
42. Rxb4 Rd2) 38... Re3 39. Rc4 Rb7 {# Y Anand ofrece tablas que son aceptadas
por su rival. Un match muy cómodo para Anand, pero seguramente dentro de unos
años las fuerzas de estos jugadores estarán más equilibradas y Magnus
disfrutará de oprtunidades de revancha. ?Quizás en León?} 1/2-1/2

[Event "EU-ch 6th"]
[Site "Warsaw"]
[Date "2005.06.22"]
[Round "5"]
[White "Jobava, Baadur"]
[Black "Carlsen, Magnus"]
[Result "1-0"]
[WhiteElo "2637"]
[BlackElo "2548"]
[Annotator "Huebner,R"]
[PlyCount "77"]
[EventDate "2005.06.18"]
[EventType "swiss"]
[EventRounds "13"]
[EventCountry "POL"]
[SourceTitle "CBM 108"]
[Source "ChessBase"]
[SourceDate "2005.09.26"]
[SourceVersion "1"]
[SourceVersionDate "2005.09.26"]
[SourceQuality "1"]

1. d4 d5 2. c4 c6 3. Nc3 Nf6 4. Nf3 dxc4 5. a4 Bf5 6. Ne5 Nbd7 7. Nxc4 Qc7 8.
g3 e5 9. dxe5 Nxe5 10. Bf4 Nfd7 11. Bg2 g5 12. Bxe5 Nxe5 13. Qd4 f6 14. O-O-O {
Mit diesem Abspiel hat Weiß recht gute Ergebnisse erzielt; vergleiche die
folgende Auswahl an Beispielen.} Be6 (14... Be7 {ist öfter gespielt worden; es
sollte zum Ausgleich genügen:} 15. Ne3 (15. Ne4 O-O (15... Rd8 16. Qc3 Rxd1+
17. Rxd1 Nxc4 18. Qxc4 Qe5 19. Qd4 Qxd4 $11 {1-0 Mikhalevski,V-Rodshtein,M/
Ramat Aviv 2004/CBM 102 ext (49). (48)}) 16. Nxg5 b5 17. Nxe5 fxe5 18. Qe3 bxa4
19. Be4 a3 20. Bxf5 Rxf5 21. Ne4 Rb8 (21... axb2+ $17) 22. bxa3 Qa5 23. Rd3 Qb5
24. Kd2 Qa5+ 25. Kc1 Qb5 26. Kd2 {1/2-1/2 Erdos,V-Ronchetti,N/Heraklio 2004/
EXT 2005 (26).}) (15. Nxe5 Qxe5 16. Qxe5 fxe5 17. Be4 Be6 18. f3 Rd8 19. g4 O-O
20. Rxd8 Rxd8 21. Rd1 $11 Rd4 22. e3 Rxd1+ 23. Kxd1 a5 24. Bf5 Bb3+ 25. Bc2 {
1/2-1/2 Rowson,J-Johannessen,L/Mallorca 2004/CBM 104 no vc (25).}) 15... Be6
16. Qe4 Bb3 17. Rd2 O-O (17... Rd8 $5) 18. h4 gxh4 $2 (18... Bc5) 19. Qxh4 Rf7
20. Nf5 Kh8 21. Be4 Raf8 22. f4 Nc4 23. Ng7 Rxg7 24. Bxh7 f5 25. Qh5 Bh4 26.
Bxf5+ {1-0 Jobava,B-Grischuk,A/Mallorca 2004/CBM 104 no vc (26).}) (14... Nxc4
{genügt wohl auch zum Ausgleich:} 15. Qxc4 Bd6 16. Be4 Bh3 17. Qd3 Be5 18. Bf5
Bxf5 19. Qxf5 Qc8 20. Qe4 O-O 21. h4 g4 22. Rd2 Qe6 23. Rhd1 Rf7 $2 (23... Rae8
$11) 24. Rd6 Qxd6 25. Rxd6 Bxd6 26. Qxg4+ Kf8 27. Qf5 Be5 28. Ne4 Rd8 29. e3
Rd5 30. Qc8+ Kg7 31. g4 c5 32. f4 Bc7 33. g5 Bd8 34. gxf6+ Bxf6 35. Qe6 Rd3 36.
Nd6 {1-0 Jobava,B-Kulaots,K/Instanbul 2004/CBM 102 ext (36).}) 15. f4 {Dies
ist ein neuer, scharfer Versuch. Nach} (15. Ne3 Bg7 (15... Be7 {führt zur oben
zitierten Partie Jobava-Grischuk.}) 16. f4 gxf4 17. gxf4 Nf7 (17... Ng4 $5) 18.
Qe4 {hat Weiß das etwas bequemere Spiel.} Qe7 19. Nf5 Bxf5 20. Qxf5 {1-0
Gelfand,B-Kobalija,M/playchess.com INT 2004/EXT 2005 (30). (29)}) 15... gxf4
16. gxf4 Nxc4 {Schwarz versucht, die Idee des Weißen zu widerlegen.} (16...
Bxc4 17. fxe5 Bb3 18. exf6 Bxd1 19. Qe4+ Kf7 20. Qc4+ {ist offensichtlich
nicht gut für Schwarz.}) (16... Nd7 {ist eine solide Fortsetzung, die dem
Schwarzen gleiches Spiel verspricht:} 17. Ne4 (17. Qe3 Kf7 18. Bf3 h5 {bringt
dem Weißen nichts ein.}) 17... O-O-O 18. Nxf6 Bg7 19. Ne8 Rhxe8 20. Nd6+ Kb8
21. Nxe8 (21. Qxg7 Rg8 22. Qe7 Nc5 {kostet Weiß eine Figur.}) 21... Bxd4 22.
Nxc7 Be3+ 23. Kc2 Kxc7 {ist ungünstig für Weiß.}) 17. Qxf6 Bf7 18. Qxh8 Qxf4+
19. Kb1 Bg6+ (19... Nd2+ 20. Rxd2 Qxd2 21. Qxh7 {ist gut für Weiß.}) (19... Ne3
20. Rd4 {geht gar nicht für Schwarz.}) 20. Ka1 (20. Ka2 {ist schwächer:} Ne3
21. Rhf1 Nxf1 22. Rxf1 Qd6 {mit etwa gleichem Spiel.}) 20... Ne3 21. Rd2 (21.
Rhf1 Nxf1 22. Rxf1 Qb4 (22... Qd6 23. Ne4 {ist nicht gewinnträchtig für
Schwarz.}) 23. Qe5+ Be7 (23... Qe7 {scheitert an} 24. Rxf8+ Kxf8 25. Qh8+) 24.
Qh8+ {mit remis.}) 21... Nc2+ $2 (21... Nxg2 {verdient natürlich Erwägung:} 22.
Rd4 (22. e3 {ist ungenügend:} Nxe3 23. Re1 Rd8 (23... Kf7 24. Rd7+ Ke6 25. Qd4
Qxd4 26. Rxd4 Ke5 27. Rd2 Bc5 28. Nd1 Kf4 29. Rf2+ {ist befriedigend für Weiß.}
) 24. Rxd8+ (24. Rde2 Rd3 {ist für Weiß ganz hoffnungslos.}) 24... Kxd8 25.
Rxe3 Qxe3 26. Qxf8+ Kc7 {, und Schwarz gewinnt ziemlich mühelos.}) 22... Qf5 {
Auf andere Damenzüge folgt 23.Se4 mit entscheidender Kraft.} 23. Ne4 Ke7 {
Es gibt nichts anderes.} 24. Rhd1 Ne3 25. Rd7+ Ke6 (25... Qxd7 26. Qe5+ Kd8 (
26... Qe6 27. Qc7+ Ke8 28. Nf6+ Qxf6 29. Qd7#) 27. Rxd7+ Kxd7 28. Nf6+ Kd8 29.
Qxe3 {mit Gewinnstellung für Weiß.}) 26. R1d6+ (26. Qg8+ Ke5 27. Qh8+ Kf4 {
ist keine Verbesserung für Weiß.}) 26... Bxd6 27. Rxd6+ Ke7 28. Qxa8 Qf1+ 29.
Ka2 Bf7+ 30. b3 Bxb3+ 31. Kxb3 Qb1+ 32. Kc3 Qc2+ 33. Kd4 Nf5+ 34. Ke5 Nxd6 35.
Nxd6 Qb2+ 36. Kf5 Kxd6 37. Qb8+ Kd7 38. Qxa7 {mit Ausgleich. Es ist zu
verstehen, daß dem Schwarzen dieses Abspiel nicht geheuer war; aber er mußte
sich darauf einlassen, denn nun kommt er in Nachteil.}) 22. Rxc2 Bxc2 23. Rf1
Qd6 ({Nach} 23... Qb4 24. Qf6 (24. Qe5+ Be7 25. Bh3 Rd8 {führt zu einer
ungefähr ausgeglichenen Stellung.}) 24... Kd7 25. Qe5 {gerät der König des
Schwarzen ebenfalls unter Beschuß.}) 24. Be4 Bb3 25. Nb5 $1 cxb5 26. Bxb7 Rb8
27. Bc6+ Kd8 28. Qxf8+ Kc7 29. Qg7+ (29. Qxd6+ Kxd6 30. axb5 Bc4 {ist nicht
überzeugender.}) 29... Kxc6 (29... Kb6 30. Bxb5 {ist aussichtslos für Schwarz.}
) 30. Qc3+ Kb6 31. Qxb3 Ka5 (31... a6 32. Qe3+ Ka5 33. axb5 {ist nicht besser;
nach} Rxb5 34. Qc3+ {verliert Schwarz in wenigen Zügen die Dame.}) (31... Qe5
32. axb5 Rc8 33. Qa4 Qxb5 34. Rf6+ {ist auch nicht geeignet, Widerstand zu
leisten.}) 32. Qc3+ Qb4 (32... Kxa4 33. b3+ Ka3 34. Rb1 {führt zum Matt.}) 33.
Qc7+ $18 {Eine außerordentliche Partie.} Rb6 34. Qxa7+ Ra6 35. Qc7+ Rb6 36. Rf4
Qb3 37. Qa7+ Ra6 38. Qc5 Rg6 39. axb5 1-0

[Event "EU-ch 6th"]
[Site "Warsaw"]
[Date "2005.06.30"]
[Round "12"]
[White "Carlsen, Magnus"]
[Black "Nielsen, Peter Heine"]
[Result "1-0"]
[WhiteElo "2548"]
[BlackElo "2653"]
[Annotator "Postny,E"]
[PlyCount "97"]
[EventDate "2005.06.18"]
[EventType "swiss"]
[EventRounds "13"]
[EventCountry "POL"]
[SourceTitle "CBM 108"]
[Source "ChessBase"]
[SourceDate "2005.09.26"]
[SourceVersion "1"]
[SourceVersionDate "2005.09.26"]
[SourceQuality "1"]

1. e4 e5 2. Nf3 Nc6 3. Bb5 Nf6 4. O-O Nxe4 5. d4 Nd6 6. Bxc6 dxc6 7. dxe5 Nf5
8. Qxd8+ Kxd8 9. Nc3 h6 10. h3 Bd7 {The plan with evacuating the king to
queenside is the most popular on the top level since the match
Kasparov-Kramnik 2000.} 11. Bf4 Kc8 12. Rad1 b6 (12... Bb4 13. Ne4 Be6 14. c3
Be7 15. b3 b6 16. g4 Nh4 17. Nxh4 Bxh4 18. Bg3 Be7 19. f4 h5 20. f5 Bd5 21. Rd4
hxg4 22. hxg4 Ba3 23. Kf2 a5 24. c4 Bxe4 25. Rxe4 $16 {1-0 Short,N-Sokolov,I/
Wijk aan Zee 2005 (48)}) 13. a3 (13. Rd3 Be6 14. Rfd1 Kb7 15. b3 g5 16. Bc1 c5
17. Nd5 Ne7 18. Nxe7 Bxe7 19. c4 Rag8 20. Nd2 g4 21. hxg4 Rxg4 22. Nf1 Rhg8 23.
Rg3 h5 24. Re1 a6 25. Rxg4 hxg4 26. Rd1 Kc6 $15 {1-0 Anand,V-Topalov,V/Monte
Carlo 2005 (46)}) (13. b3 Ne7 14. Bh2 a5 15. Rd2 Be6 16. Nd4 Nd5 17. Nce2 Bb4
18. Rd3 Bc5 19. a4 Nb4 20. Rg3 g5 21. c3 Nd5 22. Nxe6 fxe6 $15 {1/2-1/2 Polgar,
J-Bruzon,L/Wijk aan Zee 2005 (55)}) 13... Be6 (13... Ne7 14. Rfe1 Ng6 15. Bg3
Be7 16. Nd4 Nf8 17. Bf4 Kb7 18. Be3 Re8 19. f4 h5 20. Ne4 c5 21. Nf3 Bf5 22.
Bc1 Ne6 23. c3 h4 24. Neg5 Nxg5 25. Nxg5 Bxg5 26. fxg5 a5 $15 {1/2-1/2
Kasimdzhanov,R-Sasikiran,K/Jodhpur 2003 (53)}) 14. g4 $146 {Sooner or later,
white has to follow his main plan of advancing his pawn majority on the
kingside.} (14. Rfe1 Be7 15. Ne2 g5 16. Bc1 c5 17. g4 Ng7 18. Nc3 Kb7 19. Nd5
Bxd5 20. Rxd5 Ne6 21. Kg2 Kc6 22. Rdd1 b5 $11 {1/2-1/2 Horvath,T-Petran,P/
Austria 2000 (32)}) 14... Ne7 15. Nd4 Bc4 16. Rfe1 c5 17. Nf5 Nc6 (17... Be6
18. Nxe7+ Bxe7 19. Nd5 $14) 18. Nd5 (18. Kg2 $5) 18... Bxd5 19. Rxd5 g6 20. e6
$1 {It's always curious to see a piece sacrifice in the endgame, but this one
is actually forced.} (20. Ng3 $2 Nd4 $17 {[%csl Rc2,Rd5][%cal Gd4f3,Gc7c6]})
20... gxf5 21. exf7 Bd6 $1 (21... Ne7 22. Rde5 Kd7 23. Rd1+ Kc8 24. Rde1 Kd7
$11) 22. Bxh6 $6 {[%cal Gd5d6] This is too optimistic.} (22. Re8+ Kd7 23. Rxa8
Rxa8 24. Bxh6 Ke6 (24... fxg4 25. f8=Q Rxf8 26. Bxf8 Ke6 27. Rxd6+ (27. Bxd6
Kxd5 28. Bxc7 gxh3 29. Kh2 Ke4 30. Kxh3 Kf3 $15) 27... cxd6 28. hxg4 Ne5 $11)
25. Rxd6+ cxd6 26. f8=Q Rxf8 27. Bxf8 fxg4 28. hxg4 Ne5 $11) 22... Kb7 $4 {
The king goes wrong way.} (22... Rxh6 $2 23. Rxd6 $18) ({After the correct} 
22... Kd7 $1 {black is on top. For example:} 23. g5 (23. Bg7 Nd4 24. Bxh8 Rxh8
25. Kg2 fxg4 26. hxg4 Nxc2 (26... Rh2+ $6 27. Kf1 Rh1+ 28. Kg2 Rh2+ $11) 27.
Rh1 Rf8 28. Rh7 Ke6 29. Rf5 Nd4 $19) 23... Ne7 24. Rd2 Ng6 (24... Rxh6 $2 25.
gxh6 Rf8 26. h7 Ng6 27. Re8 Rxe8 28. fxe8=Q+ Kxe8 {[%tqu "En","Find the
winning move.","","","f2f4","",7]} 29. f4 $1 $18 {[%csl Rg6,Gh7][%cal Gd2g2,
Gg2g6]}) 25. Rde2 Nf4 26. Re3 Raf8 27. Bxf8 Rxf8 $17) 23. Bg7 $6 ({More
convincing would have been} 23. g5 $1 Nd4 24. Rxd6 cxd6 25. Kf1 Nf3 26. Re7+
Kc6 27. g6 Rxh6 (27... Ne5 28. Rxe5 dxe5 29. g7 $18) 28. g7 Rhh8 29. gxh8=Q
Rxh8 30. Re8 $18) 23... Rh7 24. Rxd6 $1 Rxg7 25. Rxc6 fxg4 (25... Kxc6 $2 26.
Re8 Rxf7 27. Rxa8 $18) 26. Rxb6+ {?? I assume that this is a mistake in the
scoresheet, because the refutation of this is pretty much obvious to miss it...
} (26. Rxc7+ Kxc7 27. Re7+ Kc6 {should be the correct order of moves.}) 26...
cxb6 {??} (26... axb6 $19) 27. Re7+ Kc6 28. f8=Q Rxf8 29. Rxg7 gxh3 30. Rh7 {
After some wild complications, both sides landed in the endgame where white'
passed "f" pawn should decide the outcome of the game in his favour.} Rd8 (
30... Rf3 31. Kf1 $18 {[%cal Gf1e2]}) 31. Rxh3 Rd1+ 32. Kg2 Rc1 33. Rc3 b5 34.
Kf3 Kd5 35. Ke2 c4 36. Kd2 Rb1 37. Rh3 $1 Rf1 (37... Rxb2 $2 38. Kc1 Ra2 39.
Kb1 $18 {[%csl Ra2]}) 38. Rh5+ Kd4 $2 ({Much better was} 38... Kc6 {, but I
believe that after} 39. Rf5 {white has great winning chances.}) 39. Ke2 Rc1 40.
Kd2 Rf1 41. Ke2 Rc1 42. c3+ Ke4 43. f3+ Kf4 44. Rxb5 $18 Rc2+ 45. Kd1 Rh2 46.
Kc1 Kxf3 47. Rc5 Rh4 48. Kb1 Ke3 49. Rc7 {White is winning the second pawn.}
1-0

[Event "Biel GM"]
[Site "Biel"]
[Date "2005.07.24"]
[Round "7"]
[White "Pelletier, Yannick"]
[Black "Carlsen, Magnus"]
[Result "1-0"]
[WhiteElo "2603"]
[BlackElo "2528"]
[Annotator "Pelletier,Y"]
[PlyCount "29"]
[EventDate "2005.07.17"]
[EventType "tourn"]
[EventRounds "10"]
[EventCountry "SUI"]
[EventCategory "16"]
[SourceTitle "CBM 108"]
[Source "ChessBase"]
[SourceDate "2005.09.26"]
[SourceVersion "1"]
[SourceVersionDate "2005.09.26"]
[SourceQuality "1"]

1. d4 Nf6 2. c4 e6 3. Nc3 Bb4 4. Qc2 d5 5. cxd5 c5 6. dxc5 $5 (6. dxc6 Qxd4 7.
cxb7 Bxb7 $44) (6. Bg5 {- Bareev-Topalov, Monaco blind 2005}) 6... Nxd5 (6...
Qxd5 7. a3 {kostet einen Bauern.}) (6... exd5 {könnte wohl in die Variante 5...
ed5 6.Bg5 c5 7.dxc5 übergehen, außer Weiß findet nun etwas Klügeres als 7.Bg5.}
) 7. Bd2 Bxc5 8. Nxd5 Qxd5 9. e4 Qd4 $6 ({Die Dame ist hier exponiert. Besser
sind} 9... Qd6 10. Rc1 (10. Nf3) 10... Nd7 11. Nf3 O-O 12. e5 Qb6 (12... Qe7
13. Bd3 h6 14. a3 a5 15. O-O $36) 13. Bc3 $14 {und}) (9... Qc6 10. Rc1 Be7 11.
Qd3 (11. Bc3 O-O 12. Nf3 $14) 11... Qd7 12. Qg3 O-O 13. Nf3 $36 {, auch wenn
Weiß in beiden Fällen besseres Spiel behält.}) 10. O-O-O (10. Bc3 Bb4 $11)
10... Nd7 (10... Qxf2 $2 11. Nh3 Qd4 12. Bg5) 11. Bb5 ({Auch} 11. f4 $5 {
sieht interessant aus:} O-O (11... Be7 12. Nf3 $36) 12. Nf3 Qf2 $5 13. Kb1 $36)
11... O-O $4 {[%mdl 8192]} ({Ein böser Fehler. Die Alternativen zeigen aber,
dass Schwarz bereits kein leichtes Leben hat:} 11... a6 12. Be3 Qe5 13. Bxc5 $1
(13. Bxd7+ Bxd7 14. Bxc5 Rc8 15. b4 b6) 13... Qg5+ 14. Kb1 axb5 15. Bb4 Qxg2
16. Ne2 Qxf2 17. Rd3 $16) (11... Qe5 12. Nf3 Qc7 13. Kb1 $5 (13. b4 Bd6 14.
Qxc7 Bxc7) 13... a6 14. Bxd7+ Bxd7 15. Rc1 Rc8 16. Be3 Bd6 17. Qd3 Bc6 18. Nd4
O-O 19. Nxc6 bxc6 20. Qxa6 $16) (11... Qd6 $142 12. Bc3 (12. Nf3 Qb6) 12... Qe7
13. Nf3 (13. Qa4 a6 14. Nf3 Rb8) 13... O-O (13... a6 14. Bxd7+ Bxd7 15. Bxg7
Rg8 16. Bc3 $36) 14. e5 $36) 12. Bc3 Qxf2 13. Qxf2 Bxf2 14. Bxd7 Be3+ 15. Kc2
1-0

[Event "Samba Cup 2nd"]
[Site "Skanderborg"]
[Date "2005.10.15"]
[Round "2"]
[White "Carlsen, Magnus"]
[Black "Hansen, Lars Bo"]
[Result "1/2-1/2"]
[WhiteElo "2570"]
[BlackElo "2565"]
[Annotator "Mueller,Karsten"]
[PlyCount "163"]
[EventDate "2005.10.14"]
[EventType "tourn"]
[EventRounds "9"]
[EventCountry "DEN"]
[EventCategory "16"]
[SourceTitle "CBM 110"]
[Source "ChessBase"]
[SourceDate "2006.01.31"]
[SourceVersion "1"]
[SourceVersionDate "2006.01.31"]
[SourceQuality "1"]

1. e4 c6 2. d4 d5 3. Nd2 dxe4 4. Nxe4 Bf5 5. Ng3 Bg6 6. h4 h6 7. Nf3 Nd7 8. h5
Bh7 9. Bd3 Bxd3 10. Qxd3 e6 11. Bf4 Qa5+ 12. Bd2 Bb4 13. c3 Be7 14. c4 Qc7 15.
O-O Ngf6 16. Rfe1 O-O 17. Nf5 Bd6 18. Nxd6 Qxd6 19. Qb3 c5 20. Rad1 cxd4 21.
Bb4 Nc5 22. Ne5 b6 23. Qf3 Nfd7 24. Nxd7 Qxd7 25. Bc3 e5 26. Rxe5 dxc3 27. Rxd7
Nxd7 28. Re2 cxb2 29. Rxb2 Nf6 30. Rd2 Rac8 31. Rd4 Rc5 32. g4 b5 33. cxb5 Rxb5
34. Kg2 Rg5 35. Kh3 Nh7 36. Qb3 Re5 37. Kg3 Re6 38. Qd3 Rfe8 39. Rd8 Rxd8 40.
Qxd8+ Nf8 41. a4 g5 42. hxg6 Rxg6 43. f4 a6 44. f5 Rc6 45. a5 Kg7 46. Qd5 Rf6
47. Kf4 Ng6+ 48. Ke4 Nf8 49. Ke5 Ng6+ $5 {[%mdl 4352] Hansen wickelt lieber in
eine Festung ab, anstatt sich auf} (49... Nh7 $6 50. Qd8 Rc6 51. Qb6 Rf6 {
einzulassen. Allerdings habe ich auch hier keinen Weg gefunden, die schwarze
Burgmauer zu erstürmen.}) 50. fxg6 Rxg6 51. Qd4 Kg8 52. Kf5 Kh7 53. Qd8 Kg7 54.
Qc8 Rf6+ 55. Ke5 Re6+ 56. Kd5 Rg6 57. Kc5 Re6 58. Qb8 Rg6 59. Qb2+ Kh7 60. Qd4
Kg8 61. Qd8+ Kg7 62. Qb6 Re6 63. Qb2+ Kh7 64. Kd5 Rg6 65. Ke5 Kg8 66. Kf4 Kh7
67. Kf5 Kg8 68. Qb6 Kg7 69. Qd8 Rg5+ 70. Kf4 Rg6 71. Kg3 Re6 72. Kh3 Rg6 73.
Kh4 Re6 74. Qd4+ Kh7 75. Qf4 Kg7 76. g5 hxg5+ 77. Kxg5 Rg6+ 78. Kh5 Kg8 79. Qd4
Kh7 80. Qe5 Kg8 81. Qe3 Kg7 82. Qb6 1/2-1/2